| 000 | 00551nam a22001937a 4500 | ||
|---|---|---|---|
| 003 | KOHA_MİRAKIL | ||
| 005 | 20260414070442.0 | ||
| 008 | 260414b tu ||||| |||| 00| 0 tur d | ||
| 040 |
_aTR-AnABB _btur _cTR-AnABB |
||
| 041 | _atur | ||
| 082 |
_a956.17 _bFIR 1970 |
||
| 100 | 1 | _aFırat, M. Şerif | |
| 245 | 1 | 0 |
_aDoğu illeri ve Varto tarihi / _cM. Şerif Fırat |
| 250 | _aÜçüncü baskı | ||
| 260 |
_aAnkara : _b[yayl.y.], _c1970 |
||
| 300 |
_a272 sayfa ; _c20 cm |
||
| 650 | 0 | 4 | _aTarih, Doğu Anadolu Bölgesi |
| 942 |
_2ddc _cBK |
||
| 999 |
_c10205 _d10205 |
||
| 900 | _bCan ÇELIK | ||